[Event "Tashkent FIDE GP"]
[Site "Tashkent"]
[Date "2014.11.01"]
[Round "10"]
[White "Mamedyarov, Shakhriyar"]
[Black "Vachier Lagrave, Maxime"]
[Result "1/2-1/2"]
[WhiteElo "2764"]
[BlackElo "2757"]
[Annotator "CB"]
[PlyCount "111"]
[EventDate "2014.10.21"]
[EventType "tourn"]
[EventRounds "11"]
[EventCountry "UZB"]
[EventCategory "21"]
[SourceTitle "CBM 163"]
[Source "ChessBase"]
[SourceDate "2014.11.11"]
[SourceVersion "1"]
[SourceVersionDate "2014.11.11"]
[SourceQuality "1"]

1. d4 Nf6 2. c4 g6 3. g3 c5 4. dxc5 {Well, that is one way of side-stepping
the Fianchetto Benoni. However this move is not supposed to be dangerous.} Qa5+
(4... Na6 {also makes sense.}) 5. Nc3 Bg7 6. Bg2 Nc6 7. Qa4 Qxc5 8. Be3 Qb4 9.
Qxb4 Nxb4 10. Rc1 O-O 11. Nh3 d6 12. Nf4 Bf5 13. O-O g5 $5 {an interesting
idea. The knight doesnt' have any good place to go to.} 14. Nh3 (14. Nd3 $5
Nxd3 15. exd3 Bxd3 16. Rfe1 Bxc4 17. b3 Be6 18. Bxg5 $44) (14. Nfd5 Nfxd5 15.
Nxd5 Nxd5 16. Bxd5 Bxb2 $11) 14... h6 15. Bd2 Rac8 16. b3 Nc6 $6 (16... Nd7 $1)
17. f4 gxf4 18. Rxf4 Bd7 19. Rh4 {White's pressure on h6 is annoying.} Ne5 $5 {
A strange move. MVL wants to forcefully get rid of the pressure on h6, but he
gives up b7 to do so.} 20. Bxb7 Ng6 21. Bxc8 Rxc8 {The rook is trapped so MVL
gets back his exchange, but not his pawn.} 22. Nf4 (22. Rxh6 $2 Bxh6 23. Bxh6
Bxh3 $19) 22... Nxh4 23. gxh4 Kh7 24. Nfd5 Nxd5 25. Nxd5 e6 26. Nf4 Rg8 27. Kf1
Be5 {Black should have enough compensation here with the pair of bishops and
the open g-file.} 28. Be3 Rg4 $2 (28... a6 $1 {No reason to give up this
important pawn.}) 29. Nd3 Bxh2 30. Bxa7 e5 31. Bf2 f5 32. Nb4 (32. c5 {also
looked very dangerous.}) 32... f4 33. c5 dxc5 34. Rxc5 Rg7 35. Rxe5 {White's
up two pawns now.} f3 $1 36. Re3 fxe2+ 37. Kxe2 Bg4+ 38. Kf1 Bd6 39. Nd3 Ra7 {
The smoke has cleared somewhat. White is up two pawns and the only thing to
show for it is the pair of bishops. Surprisingly, winning is still not trivial,
and Mamedyarov does not find a way.} 40. Bg3 Bf8 41. Nf2 Bh5 42. a4 Rb7 43. Ne4
(43. a5 {was maybe a better try.}) 43... Bd1 44. Nd2 Bb4 45. Nc4 (45. Be1 Bxd2
46. Bxd2 Bxb3 {should be a draw. The opposite colored bishops make it hard to
make progress.}) 45... Bc5 46. Re5 Bb4 47. Rb5 Rxb5 48. axb5 Bxb3 49. Ne5 Bc5
50. Nd7 Bc4+ 51. Kg2 Bd4 52. b6 Bd5+ 53. Kf1 Kg6 54. Bf2 Bf6 55. h5+ Kf5 56.
Nxf6 1/2-1/2

[Event "Candidates reserve match"]
[Site "Malmo"]
[Date "1983.01.06"]
[Round "4"]
[White "Andersson, Ulf"]
[Black "Tal, Mihail"]
[Result "1/2-1/2"]
[WhiteElo "2635"]
[BlackElo "2620"]
[Annotator "ChessBase"]
[PlyCount "120"]
[EventDate "1983.01.02"]
[EventType "match"]
[EventRounds "6"]
[EventCountry "SWE"]
[SourceTitle "IZT"]
[Source "ChessBase"]
[SourceDate "1999.07.01"]
[SourceVersion "1"]
[SourceVersionDate "1999.07.01"]
[SourceQuality "1"]

1. Nf3 Nf6 2. c4 c5 3. g3 g6 4. b3 Bg7 5. Bb2 O-O 6. Bg2 Nc6 7. O-O d6 8. d4
cxd4 9. Nxd4 Bd7 10. Nc3 Qa5 11. Rc1 Rac8 (11... Rfc8 $5) 12. e3 a6 13. a3 Nxd4
14. Qxd4 Bc6 15. b4 Qh5 (15... Qf5 $6 16. e4 Qh5 17. Nd5 Bxd5 18. exd5 $14 {Tal
}) (15... Qd8 16. Nd5 Ne8 17. Qd2 Bxb2 18. Qxb2 e6 19. Nf4 $14 {Tal}) 16. Nd5
Bxd5 17. Bxd5 Rc7 18. Kg2 Rfc8 19. Bf3 Qf5 20. c5 Ne8 21. Qd2 dxc5 22. Rxc5
Rxc5 23. bxc5 Bxb2 24. Qxb2 Qxc5 25. Qxb7 a5 26. Rb1 Rd8 $2 (26... Kf8 $142)
27. a4 Nc7 28. Qc6 Qxc6 29. Bxc6 Rd6 30. Bf3 Rd2 31. Rb7 Rc2 32. Ra7 Rc5 33.
Be2 Nd5 (33... e6 34. Bb5 Kg7 35. Rxa5 Rd5 $10 {Tal}) 34. Bb5 Rc2 35. Kf1 Nc3
36. Rxa5 Ra2 37. Bc6 Nd1 38. Bd5 Ra1 39. Kg2 Nc3 40. Bc6 Ra2 41. Ra7 Nd1 42.
Kf1 Nxf2 43. Bd5 Rd2 44. Rd7 Ne4 45. Ke1 Kg7 46. Bc6 $1 Rxd7 47. Bxd7 Nc5 48.
Bb5 Nb3 49. Bc6 $6 (49. Kd1 $142 {/\Kd1-c2-c3-b4; a4-a5 +/-}) 49... Na5 50. Bg2
Nc4 51. Bf1 Nxe3 52. a5 Kf6 53. a6 Nd5 54. a7 Nc7 55. Kd2 Ke5 56. Kc3 f5 57.
Kc4 Kd6 58. Bg2 e5 59. a8=Q Nxa8 60. Bxa8 h5 1/2-1/2

[Event "St Petersburg op"]
[Site "St Petersburg"]
[Date "1995.??.??"]
[Round "6"]
[White "Kochyev, Alexander"]
[Black "Bologan, Viktor"]
[Result "0-1"]
[WhiteElo "2455"]
[BlackElo "2540"]
[Annotator "Bologan,V"]
[PlyCount "52"]
[EventDate "1995.05.??"]
[EventType "swiss"]
[EventRounds "9"]
[EventCountry "RUS"]
[SourceTitle "CBM 046 Extra"]
[Source "ChessBase"]
[SourceDate "1995.07.01"]
[SourceVersion "1"]
[SourceVersionDate "1995.07.01"]
[SourceQuality "1"]

1. Nf3 Nf6 2. c4 g6 3. g3 Bg7 4. Bg2 d6 5. O-O O-O 6. d4 Nc6 7. d5 Na5 8. Nbd2
$6 c5 9. Ne1 b5 $1 10. cxb5 a6 $1 {N/} 11. bxa6 (11. b6 Qxb6 12. Nc2 Bb7) 11...
Rxa6 $5 (11... Bxa6 12. Nc2 Nd7) 12. Nc2 Bb7 {/\Qa8,e6/} 13. b4 $6 (13. Ne3 $5
Qa8 14. Ne4 Nxd5 15. Nxd5 Bxd5 16. Qxd5 Qxd5 17. Nf6+ Bxf6 18. Bxd5) 13... Nxd5
$1 (13... cxb4 14. Rb1 Bxd5 15. Nxb4 Bxg2 16. Kxg2 Rb6 {/\Qa8,Rfb8/}) 14. bxa5
Bxa1 15. Nxa1 (15. Bxd5 Bxd5 16. Nxa1 Qxa5 17. a3 Rb8) (15. Nb3 Nc3 16. Qe1
Bxg2 17. Kxg2 Qa8+ 18. Kg1 Nxa2 19. Ncxa1 c4) 15... Nc3 16. Bxb7 $5 (16. Qe1
Bxg2 17. Kxg2 Nxa2) 16... Nxd1 17. Bxa6 Qxa5 18. Bc4 Nc3 19. Nab3 Qa8 $1 $19
20. Bb2 Na4 21. Ba1 Nb6 22. Nc1 Nxc4 23. Nxc4 Rb8 24. Nd2 Qa4 25. Re1 Qc2 26.
Ndb3 e5 $1 0-1

[Event "Sinquefield Cup 3rd"]
[Site "Saint Louis"]
[Date "2015.08.31"]
[Round "8"]
[White "Grischuk, Alexander"]
[Black "Vachier Lagrave, Maxime"]
[Result "1/2-1/2"]
[WhiteElo "2771"]
[BlackElo "2731"]
[PlyCount "60"]
[EventDate "2015.08.23"]
[EventType "tourn"]
[EventRounds "9"]
[EventCountry "USA"]
[EventCategory "22"]
[SourceTitle "CBM 168"]
[Source "ChessBase"]
[SourceDate "2015.09.14"]
[SourceVersion "1"]
[SourceVersionDate "2015.09.14"]
[SourceQuality "1"]

1. Nf3 Nf6 2. c4 g6 3. g3 Bg7 4. Bg2 c5 5. d4 cxd4 6. Nxd4 O-O 7. Nc3 Qc7 8.
Nd5 {a repeat from Carlsen-MVL earlier this tournament. The Frenchman
obviously had an improvment over that game} Nxd5 9. cxd5 {In the annotations
to the aforementioned game we noticed that Qb6 was a move, though most people
played Qa5. Kasparov mentioned that Qb6 is better, and that he prepared this
position for a match a long time ago.} Qb6 10. Nb3 d6 11. O-O Na6 12. Be3 Qb4
13. Bd2 Qa4 14. Na5 Qxd1 15. Raxd1 Bxb2 {Perhaps giving up the b7 pawn for the
b2 pawn is not necessary.} (15... Nc5 $5) (15... Bg4 {was perhaps an
improvement.}) 16. Rb1 Bf6 17. Nxb7 Kg7 18. Na5 $14 {thanks to the weakness of
c6, White has a little pressure. That being said it is not the end of the
World.} Nc5 19. Rfc1 Ba6 20. Kf1 Rfb8 21. Rb4 Rxb4 22. Bxb4 Rb8 23. a3 Bb5 {
White's pressure has been basically neutralized. There aren't any real threats
that Grischuk can create in this position. a7 is the only pawn to attack, and
it can only be done so by the knight.} 24. Bf3 Na6 25. Nc6 Rb7 26. Na5 Rb6 27.
Bd2 Nc5 28. Bb4 Na6 29. Bd2 Nc5 30. Bb4 Na6 {Vachier-Lagrave even thought that
at some point he was slightly better, but couldn't find anything constructive
to do.} 1/2-1/2

[Event "EU-chT (Men) 20th"]
[Site "Reykjavik"]
[Date "2015.11.20"]
[Round "7.1"]
[White "Vachier Lagrave, Maxime"]
[Black "Svidler, Peter"]
[Result "1/2-1/2"]
[WhiteElo "2765"]
[BlackElo "2745"]
[Annotator "Baldauf,M"]
[PlyCount "77"]
[EventDate "2015.11.13"]
[EventType "team-swiss"]
[EventRounds "9"]
[EventCountry "ISL"]
[SourceTitle "CBM 170"]
[Source "ChessBase"]
[SourceDate "2016.01.15"]
[SourceVersion "1"]
[SourceVersionDate "2016.01.15"]
[SourceQuality "1"]
[WhiteTeam "France"]
[BlackTeam "Russia"]
[WhiteTeamCountry "FRA"]
[BlackTeamCountry "RUS"]
[TimeControl "6000+820"]
[WhiteClock "0:03:22"]
[BlackClock "0:15:40"]

1. d4 Nf6 2. c4 g6 3. f3 Nc6 4. Nc3 d5 5. cxd5 Nxd5 6. e4 Nxc3 7. bxc3 Bg7 8.
Bb5 O-O 9. Ne2 Na5 10. Be3 Be6 11. Bf2 a6 12. Bd3 Bc4 13. O-O b5 14. Bxc4 Nxc4
15. Nc1 c5 16. Nb3 cxd4 17. cxd4 Qd6 {Schwarz hat die Eröffnung gut gespielt
und steht einen Ticken angenehmer. Die c-Linie ist in seiner Hand, der
potentielle Freibauer am Damenflügel ist ein weiterer Trumpf.} 18. Qe2 Qa3 19.
Rab1 Rac8 20. Rfd1 Na5 {Rückwärtsgang - für mich so nachvollziehbar, dass
Svidler 23...Se7 nebst ...Sd5 plante, aber rechtzeitig die prekäre Lage seiner
Dame erkannte.} 21. Nc5 Nc6 22. e5 e6 23. f4 Rc7 (23... Ne7 $6 24. Qd2 Nd5 $140
25. Rb3 $18) 24. d5 $14 {jetzt ist die geplante weißfeldrige Blockade dahin.}
exd5 25. Rxd5 Rd8 26. Rxd8+ Nxd8 27. Qd2 Nb7 28. Nxb7 Rxb7 29. Rc1 h5 30. Rc8+
Kh7 31. h3 Qe7 32. Qd6 Qd7 33. Qxd7 Rxd7 {Schwarz hat den weißen Druck
neutralisieren können und Remis ist das folgerichtige Ergebnis} 34. Bh4 Rd4 35.
Bg5 Bh6 36. Bf6 Bg7 37. Bg5 Bh6 38. Bf6 Bg7 39. Bg5 1/2-1/2